000 00747cas a2200253 a 4500
003 OSt
005 20140310182511.0
008 100830c200u9999mauar | a0eng
010 _a 2010208819
020 _a9780763777685
020 _a9780763777708
050 0 0 _aRS 139
_b.T177 2010
222 0 _aTarascon pharmacopoeia
245 0 0 _aTarascon pocket pharmacopoeia :
_cedited by; Richard J. Hamilton
_b2010 deluxe lab coat pocket edition /
246 1 _aPharmacopoeia
250 _aLibrary ed.
260 _aSudbury, Mass. :
_bJones & Bartlett
_cc2010.
300 _a328p. :
_bill. ;
_c25 cm
310 _aAnnual
650 0 _aDrugs
_xDosage
_vHandbooks, manuals, etc.
_99036
942 _2lcc
_cSSLC
999 _c13919
_d13919